000 00516cam a22001457a 4500
008 180718b1987 xxu||||| |||| 00| 0 eng d
082 _aK11mx5413 SI64
100 _aSinha, Ramashraya
245 _aMunicipal executive: an empirical of a city government and bureaucracy
_cby Ramashraya Sinha
260 _aDelhi
_bCapital Publishers
_c1987
300 _avi, 192p
650 _aMunicipal government -Case studies.
650 _aMunicipal government -India -Patna -Case studies
650 _aPatna Municipal Corporation
999 _c409804
_d409804